Načítá se...

Prevalence of Streptococcus in Various Clinical Specimen, Lancefield Grouping of Beta Lytic Streptococcus and Their Antibiotic Sensitivity Pattern

Podrobná bibliografie
Hlavní autor: Prabhisha K.P
Médium: Dissertation
Vydáno: Kochi DDRC 2009
Témata:
LEADER 00705nam a22001817a 4500
082 |a 616.027 PRA/09 
084 |b CUAHMLT010 
100 |a Prabhisha K.P 
245 |a Prevalence of Streptococcus in Various Clinical Specimen, Lancefield Grouping of Beta Lytic Streptococcus and Their Antibiotic Sensitivity Pattern  |c Prabhisha K.P 
260 |c 2009  |a Kochi  |b DDRC 
300 |a 60p. 
653 |a Medical Laboratory Technology 
653 |a Microbiology 
653 |a Immunology 
700 |a Prabhisha K.P 
942 |2 ddc  |c PD  |k 616.027 
999 |c 281815  |d 281815 
952 |0 0  |1 0  |4 0  |6 616_027000000000000_PRA_09  |7 0  |9 319561  |a SHS  |b SHS  |c ST1  |d 2011-07-11  |i NB340  |l 0  |o 616.027 PRA/09  |p SHSNB340  |r 2011-07-11  |w 2017-12-11  |y PD  |z MLT126